Tuồng cổ; T1

Guardat en:
Dades bibliogràfiques
Autor principal: Hoàng Châu Ký
Format: Llibre
Idioma:Undetermined
Publicat: Hà Nội Văn Hóa 1978
Matèries:
Etiquetes: Afegir etiqueta
Sense etiquetes, Sigues el primer a etiquetar aquest registre!
Thư viện lưu trữ: Trung tâm Học liệu Trường Đại học Cần Thơ
LEADER 00483nam a2200181Ia 4500
001 CTU_9734
008 210402s9999 xx 000 0 und d
082 |a 790.209 
082 |b K600t/T1 
100 |a Hoàng Châu Ký 
245 0 |a Tuồng cổ; T1 
245 0 |c Hoàng Châu Ký 
260 |a Hà Nội 
260 |b Văn Hóa 
260 |c 1978 
650 |a theaters - vietnam 
904 |i Minh, 961001 
980 |a Trung tâm Học liệu Trường Đại học Cần Thơ